header

How to look good in a war (Record no. 195712)

MARC details
000 -LEADER
fixed length control field 01140nam a2200289Ia 4500
100 1# - MAIN ENTRY--AUTHOR NAME
Personal name Rappert, Brian.
245 10 - TITLE STATEMENT
Title How to look good in a war
260 ## - PUBLICATION, DISTRIBUTION, ETC. (IMPRINT)
Place of publication London :
Name of publisher Pluto Press,
Year of publication 2012.
300 ## - PHYSICAL DESCRIPTION
Number of Pages viii, 167 p.
650 #0 - SUBJECT ADDED ENTRY--TOPICAL TERM
Topical Term War
Topical Term War
856 40 - ELECTRONIC LOCATION AND ACCESS
Uniform Resource Identifier http://site.ebrary.com/lib/rucke/Doc?id=10603341

No items available.

© 2026 Rongo University
Contact us: librarian | system librarian | Rongo university